000 00806nam a2200265 i 4500
001 185730
003 SpMaBN
005 20230906222515.0
008 160804s1992 sp be |||| | spa d
020 _a84-249-1488-0
080 _a711.4.032
080 _a930.85".../04"
100 1 _aKolb, Frank.
_9160331
245 1 3 _aLa ciudad en la antigüedad /
_cFrank Kolb ; versión española de Elena Bombín.
260 _aMadrid :
_bGredos,
_c[1992]
300 _a298 p. :
_bmapas, planos ;
_c25 cm.
490 1 _aManuales
500 _aÍndice.
504 _aBibliografía: p. [275]-279.
650 7 _aCiudades antiguas.
_9160332
700 1 _aBombín Izquierdo, Elena.
_930030
830 0 _aManuales
_9178657
852 _aES-MaACL
_jL-30512
_z. - Donat. Miguel A. Velasco
999 _c185730
_d185730